[Event "Cto. Equipos de Navarra DH 2018"]
[Site "?"]
[Date "2018.10.20"]
[Round "2.5"]
[White "Huarte Zozaya, Aitor"]
[Black "Juanco Elizari, Felix Javier"]
[Result "1-0"]
[EventDate "2018.??.??"]
[EventCountry "ESP"]
[EventType "team"]
[EventRounds "7"]
[WhiteElo "2017"]
[BlackElo "1718"]
[SourceDate "2018.11.02"]
[SourceTitle "FNA"]

1.d4 Nf6 2.c4 e6 3.Nf3 d5 4.g3 Be7 5.Bg2 O-O 6.Nc3 c6 7.Qd3 Nbd7 8.O-O Re8 9.b3
a6 10.e4 dxe4 11.Nxe4 Nxe4 12.Qxe4 Nf6 13.Qc2 c5 14.Bb2 Qc7 15.Rad1 cxd4 16.Bxd4
h6 17.Be5 Qc5 18.Bd4 Qc7 19.Ne5 a5 20.Bc3 Ra6 21.Rd2 Rd6 22.Nd3 Rdd8 23.Rfd1 b6
24.c5 bxc5 25.Ne5 Nd5 26.Nc4 Nb4 27.Qe4 Ba6 28.Qg4 Bf8 29.Be5 Qe7 30.Nd6 Qg5
31.Qxg5 hxg5 32.Nxe8 Rxe8 33.Rd8 Bb5 34.Rxe8 Bxe8 35.Rd8 f6 36.Rxe8 fxe5 37.Rxe6
Nxa2 38.Rxe5 Kf7 39.Rf5 Ke8 1-0

[Event "Cto. Equipos de Navarra DH 2018"]
[Site "?"]
[Date "2018.10.20"]
[Round "2.6"]
[White "Ruiz Turrillas, Alfredo"]
[Black "Malon Insausti, Andres"]
[Result "0-1"]
[EventDate "2018.??.??"]
[EventCountry "ESP"]
[EventType "team"]
[EventRounds "7"]
[WhiteElo "1698"]
[BlackElo "1896"]
[SourceDate "2018.11.02"]
[SourceTitle "FNA"]

1.b4 e5 2.Bb2 d6 3.c4 Nf6 4.a3 Bf5 5.e3 Nbd7 6.h3 h6 7.Nf3 Bg6 8.Nh4 Bh7 9.d4 a5
10.g3 axb4 11.axb4 Rxa1 12.Bxa1 Qa8 13.Bc3 g5 14.Nf3 b5 15.Nbd2 Ne4 16.Qa1 Qb7
17.d5 Bg7 18.cxb5 O-O 19.Qa6 Qxa6 20.bxa6 Nxc3 21.Nc4 Be4 0-1

[Event "Cto. Equipos de Navarra DH 2018"]
[Site "?"]
[Date "2018.10.20"]
[Round "2.7"]
[White "Roviralta Montero, Axel"]
[Black "Marin Salvador, Ruben"]
[Result "1-0"]
[EventDate "2018.??.??"]
[EventCountry "ESP"]
[EventType "team"]
[EventRounds "7"]
[WhiteElo "1814"]
[BlackElo "1649"]
[SourceDate "2018.11.02"]
[SourceTitle "FNA"]

1.e4 c5 2.Nf3 e6 3.d4 cxd4 4.Nxd4 a6 5.a3 Qc7 6.Nc3 Nf6 7.Be3 b5 8.f3 Bb7 9.Bd3
Be7 10.g4 h6 11.Qd2 Nc6 12.Nce2 d6 13.h4 Ne5 14.Nf4 Nc4 15.Ndxe6 fxe6 16.Nxe6
Qd7 17.Bxc4 bxc4 18.Nxg7 Kf7 19.Bxh6 Rxh6 20.Qxh6 Rg8 21.Nf5 Rg6 22.Qf4 Bf8
23.h5 Rg8 24.g5 Qe6 25.gxf6 Qxf6 26.O-O-O Bg7 27.Nxd6 Ke6 28.Qxf6 Bxf6 29.Nxb7
Rb8 30.Nc5 Kf7 31.Rd7 1-0

[Event "Cto. Equipos de Navarra DH 2018"]
[Site "?"]
[Date "2018.10.20"]
[Round "2.8"]
[White "Ruiz Echeverria, Unai"]
[Black "Martinez Zazo, Jesus"]
[Result "1-0"]
[EventDate "2018.??.??"]
[EventCountry "ESP"]
[EventType "team"]
[EventRounds "7"]
[WhiteElo "1562"]
[BlackElo "1691"]
[SourceDate "2018.11.02"]
[SourceTitle "FNA"]

1.e4 e5 2.Nf3 Nc6 3.Bc4 Nf6 4.Ng5 d5 5.exd5 Na5 6.Bb5 Bd7 7.Qe2 c6 8.Qxe5 Be7
9.d6 cxb5 10.O-O Nc4 11.Qxe7 Qxe7 12.dxe7 h6 13.Nf3 Kxe7 14.d3 Nd6 15.Re1 Be6
16.Bf4 Rhd8 17.Nc3 a6 18.Nd4 Rac8 19.a3 Nde8 20.Nxe6 fxe6 21.h3 Kf7 22.Re2 Nd5
23.Nxd5 Rxd5 24.Rae1 Rc6 25.Be5 Nf6 26.Bxf6 Kxf6 27.g3 e5 28.Kg2 g5 29.Kf3 Rdc5
30.c3 Rd6 31.Re3 h5 32.Ke4 Rcd5 33.g4 h4 34.Rd1 a5 35.Rf3 Kg6 36.Rf5 b4 37.axb4
axb4 38.d4 bxc3 39.bxc3 Ra5 40.Rxe5 Ra2 41.Ke3 Rc2 42.Rd3 Rf6 43.Rf5 Rxf5
44.gxf5 Kxf5 45.Kf3 Ke6 46.d5 Kd6 47.Kg4 Rxf2 48.Kxg5 b5 49.Kxh4 Rg2 50.Kh5 Rg8
51.h4 Rh8 52.Kg4 Rg8 53.Kf5 Rf8 54.Kg6 Rg8 55.Kf7 Rg4 56.h5 Rh4 57.Kg6 Rg4
58.Kf5 Rh4 59.Kg5 Rh1 60.Rg3 Kxd5 61.h6 Ke5 62.Kg6 Rd1 63.h7 Rd6 64.Kh5 Rd1
65.h8=Q 1-0

[Event "Cto. Equipos de Navarra DH 2018"]
[Site "?"]
[Date "2018.10.20"]
[Round "2.1"]
[White "Garbisu de Goni, Unai"]
[Black "Roldan Marques, Daniel"]
[Result "1-0"]
[EventDate "2018.??.??"]
[EventCountry "ESP"]
[EventType "team"]
[EventRounds "7"]
[WhiteElo "2425"]
[BlackElo "2198"]
[SourceDate "2018.11.02"]
[SourceTitle "FNA"]

1.e4 e5 2.Nf3 Nc6 3.Bb5 a6 4.Ba4 Nf6 5.O-O Nxe4 6.d4 b5 7.Bb3 d5 8.dxe5 Be6
9.Nbd2 Nc5 10.c3 Be7 11.Qe2 Bf5 12.Rd1 Bd3 13.Qe3 a5 14.Ne1 d4 15.cxd4 Qxd4
16.Qf3 O-O 17.Qxc6 a4 18.Ndf3 Qd8 19.Be3 Ra6 20.Qd5 axb3 21.Qxd8 Rxd8 22.Bxc5
Bxc5 23.a3 Bxa3 24.Rxd3 Rxd3 25.Nxd3 Ra4 26.Rxa3 Rxa3 27.bxa3 1-0

[Event "Cto. Equipos de Navarra DH 2018"]
[Site "?"]
[Date "2018.10.20"]
[Round "2.2"]
[White "Sesma Rubio, Patxi"]
[Black "Urriza Iricibar, Pablo"]
[Result "0-1"]
[EventDate "2018.??.??"]
[EventCountry "ESP"]
[EventType "team"]
[EventRounds "7"]
[WhiteElo "2164"]
[BlackElo "2268"]
[SourceDate "2018.11.02"]
[SourceTitle "FNA"]

1.d4 Nf6 2.c4 c5 3.d5 e6 4.Nc3 exd5 5.cxd5 d6 6.Nf3 g6 7.Bf4 a6 8.a4 Bg7 9.h3
O-O 10.e3 Nh5 11.Bh2 f5 12.Be2 f4 13.e4 Qe7 14.Nd2 Nf6 15.Qc2 g5 16.O-O-O b5
17.e5 dxe5 18.Nde4 Bf5 19.Bf3 Nxe4 20.Bxe4 Qd7 21.g4 fxg3 22.Bxg3 b4 23.Bxf5
Qxf5 24.Qxf5 Rxf5 25.Ne4 Nd7 26.Kb1 Bf8 27.h4 g4 28.d6 Bh6 29.h5 Kf7 30.Rh4 Rg8
31.b3 Rf3 32.Kc2 Ke6 33.Rhh1 Rc8 34.Rd3 Rcf8 35.Re1 Rxd3 36.Kxd3 Kd5 37.Kc2 Rf5
38.Bh4 Bf4 39.Be7 Rxh5 40.Re2 Rh2 41.Kd3 Rh3 42.Kc2 h5 43.Bg5 Bxg5 44.Nxg5 Rc3
45.Kb2 Rd3 46.Kc2 Rd4 47.f3 Kxd6 48.fxg4 Rxg4 49.Nf7 Ke6 50.Nd8 Kf5 51.Nf7 Rd4
52.Rg2 h4 53.Nh6 Kf4 54.Rf2 Ke3 55.Rf7 Ke2 56.Rh7 Nf6 57.Rh8 Nd5 58.Nf7 Ne3
59.Kb2 Re4 60.Rh5 c4 61.bxc4 Nxc4 62.Kb3 a5 63.Ng5 Nd2 64.Kb2 Rg4 65.Nf7 e4
66.Ne5 Rf4 67.Ng6 Rf3 68.Rxh4 Nc4 69.Kb1 Kd3 70.Rh5 Kc3 71.Rh1 Na3 0-1

[Event "Cto. Equipos de Navarra DH 2018"]
[Site "?"]
[Date "2018.10.20"]
[Round "2.3"]
[White "Ortega Lopez, Mikel"]
[Black "Laguardia Ortega, Moises"]
[Result "1-0"]
[EventDate "2018.??.??"]
[EventCountry "ESP"]
[EventType "team"]
[EventRounds "7"]
[WhiteElo "2260"]
[BlackElo "2039"]
[SourceDate "2018.11.02"]
[SourceTitle "FNA"]

1.e4 Nf6 2.e5 Nd5 3.d4 d6 4.c4 Nb6 5.exd6 exd6 6.Bd3 Be7 7.Ne2 Nc6 8.Nbc3 O-O
9.h3 Bf6 10.O-O Nxd4 11.Nxd4 Bxd4 12.Bxh7 Kxh7 13.Qxd4 Be6 14.b3 Kg8 15.f4 Qh4
16.Rf3 Rfe8 17.Bb2 f6 18.Raf1 Bf7 19.Kh2 Re7 20.Rg3 Kf8 21.Rg4 Qh6 22.Qf2 Bg8
23.Nb5 Qh5 24.Qg3 Qf7 25.Nd4 Bh7 26.f5 Rae8 27.Ne6 Rxe6 28.fxe6 Rxe6 29.Qh4 Bg8
30.Qh8 Nd7 31.Rf3 Ne5 32.Bxe5 Rxe5 33.Rxg7 1-0

[Event "Cto. Equipos de Navarra DH 2018"]
[Site "?"]
[Date "2018.10.20"]
[Round "2.4"]
[White "Ortin Blanco, Ainhoa"]
[Black "Soriano Ascaso, Ignacio"]
[Result "0-1"]
[EventDate "2018.??.??"]
[EventCountry "ESP"]
[EventType "team"]
[EventRounds "7"]
[WhiteElo "1938"]
[BlackElo "2161"]
[SourceDate "2018.11.02"]
[SourceTitle "FNA"]

1.d4 d5 2.c4 c6 3.Nc3 Nf6 4.Bf4 dxc4 5.e3 b5 6.a3 Nd5 7.Bg3 Qa5 8.Qc1 Nd7 9.e4
Nxc3 10.bxc3 e6 11.Be2 Nf6 12.Bf3 Bb7 13.Ne2 c5 14.e5 Bxf3 15.gxf3 Nd5 16.dxc5
Bxc5 17.O-O O-O 18.Kh1 Qb6 19.Nf4 Qc6 20.Rg1 Ne7 21.Qd1 Ng6 22.Qe2 Rad8 23.h4
Kh8 24.h5 Nxf4 25.Bxf4 f6 26.Rg3 f5 27.Rag1 Rd3 28.Be3 Bxe3 29.fxe3 f4 30.Rxg7
Rxe3 31.Qg2 Qxf3 32.Rxa7 Qxh5 33.Qh2 Rh3 0-1

[Event "Cto. Equipos de Navarra DH 2018"]
[Site "?"]
[Date "2018.10.20"]
[Round "2.5"]
[White "Sevilla Subiza, Javier"]
[Black "Torres Calvo, Mauricio"]
[Result "1-0"]
[EventDate "2018.??.??"]
[EventCountry "ESP"]
[EventType "team"]
[EventRounds "7"]
[WhiteElo "2118"]
[BlackElo "1805"]
[SourceDate "2018.11.02"]
[SourceTitle "FNA"]

1.d4 Nf6 2.Bg5 c5 3.d5 d6 4.Nc3 e6 5.e4 Be7 6.Nf3 exd5 7.exd5 O-O 8.Be2 Nbd7
9.Bf4 Nh5 10.Bc1 Nhf6 11.O-O a6 12.a4 b6 13.Nd2 Ne5 14.f4 Ng6 15.Nc4 Re8 16.f5
Nf8 17.Qd3 Rb8 18.a5 N8d7 19.Bf4 Qc7 20.Na4 Bf8 21.Rad1 Re4 22.Nc3 Rd4 23.Qg3
Rxd1 24.Bxd1 Ne8 25.Ne4 Ndf6 26.Ncxd6 1-0

[Event "Cto. Equipos de Navarra DH 2018"]
[Site "?"]
[Date "2018.10.20"]
[Round "2.6"]
[White "Carcavilla Ledesma, Jose Angel"]
[Black "Cinza Lopez, Javier"]
[Result "0-1"]
[EventDate "2018.??.??"]
[EventCountry "ESP"]
[EventType "team"]
[EventRounds "7"]
[WhiteElo "1841"]
[BlackElo "2083"]
[SourceDate "2018.11.02"]
[SourceTitle "FNA"]

1.d4 g6 2.h4 Nf6 3.Nc3 d5 4.Bg5 Ne4 5.Nxe4 dxe4 6.Qd2 Bg7 7.O-O-O Nd7 8.h5 h6
9.Bf4 g5 10.Bh2 Nb6 11.e3 Be6 12.Kb1 a5 13.c4 Nxc4 14.Qc3 b5 15.b3 b4 16.Qc1 Na3
17.Ka1 O-O 18.Qc5 a4 19.Kb2 c6 20.Qxb4 axb3 21.axb3 Ra5 22.Rc1 Qa8 23.Rc5 Nb5
24.Bxb5 cxb5 25.Nh3 Ra2 26.Kc3 Re2 27.Rc1 Qa2 0-1

[Event "Cto. Equipos de Navarra DH 2018"]
[Site "?"]
[Date "2018.10.20"]
[Round "2.7"]
[White "Hernandorena De La Cruz, Egoi"]
[Black "Anton Agramonte, Angel Luis"]
[Result "1-0"]
[EventDate "2018.??.??"]
[EventCountry "ESP"]
[EventType "team"]
[EventRounds "7"]
[WhiteElo "2059"]
[BlackElo "1734"]
[SourceDate "2018.11.02"]
[SourceTitle "FNA"]

1.e4 c5 2.Nc3 d6 3.g3 Nf6 4.Bg2 g6 5.d3 Bg7 6.f4 Nc6 7.Nf3 O-O 8.O-O Bg4 9.h3
Bxf3 10.Qxf3 Qb6 11.Nd1 Nd7 12.c3 e6 13.Ne3 Ne7 14.Qe2 Rac8 15.g4 Qc7 16.f5 Nc6
17.g5 Be5 18.Qg4 Rce8 19.Qh4 d5 20.exd5 exd5 21.Nxd5 Bh2 22.Kh1 Qg3 23.Qh6 Re2
24.Nf4 Rxg2 25.Nxg2 Qxd3 26.Be3 1-0

[Event "Cto. Equipos de Navarra DH 2018"]
[Site "?"]
[Date "2018.10.20"]
[Round "2.8"]
[White "Roldan Marques, Marta"]
[Black "Monje Peinado, Roberto"]
[Result "0-1"]
[EventDate "2018.??.??"]
[EventCountry "ESP"]
[EventType "team"]
[EventRounds "7"]
[WhiteElo "1691"]
[BlackElo "2014"]
[SourceDate "2018.11.02"]
[SourceTitle "FNA"]

1.e4 c5 2.Nc3 Nc6 3.g3 g6 4.Bg2 Bg7 5.d3 e6 6.Be3 Nd4 7.Qd2 Ne7 8.Rb1 O-O 9.Nce2
d6 10.c3 Nxe2 11.Nxe2 Qa5 12.Nc1 Nc6 13.Bh6 Qd8 14.h4 Bxh6 15.Qxh6 Qf6 16.h5 Qg7
17.hxg6 fxg6 18.Qxg7 Kxg7 19.O-O e5 20.Nb3 Be6 21.Ra1 b5 22.Nd2 Rab8 23.b3 g5
24.f3 h5 25.Rf2 Rf6 26.Raf1 Rbf8 27.Bh1 b4 28.Nb1 a5 29.Bg2 Bc8 30.c4 Nd4 31.Bh1
Bd7 32.Bg2 a4 33.Nd2 R8f7 34.Bh1 Kf8 35.Bg2 Ke7 36.Bh1 Rf8 37.Rh2 Rh8 38.Rhf2
Rg8 39.Bg2 Rff8 40.Kh2 h4 41.gxh4 Rh8 42.Rh1 Rxh4 43.Kg1 axb3 44.axb3 Rxh1
45.Bxh1 Ra8 46.Rf1 Ra2 47.Rd1 Ne2 48.Kf2 Nc3 49.Rg1 Rxd2 50.Ke1 0-1

[Event "Cto. Equipos de Navarra DH 2018"]
[Site "?"]
[Date "2018.10.20"]
[Round "2.1"]
[White "Narciso Dublan, Marc"]
[Black "Zamarbide Inarrea, Daniel"]
[Result "1-0"]
[EventDate "2018.??.??"]
[EventCountry "ESP"]
[EventType "team"]
[EventRounds "7"]
[WhiteElo "2478"]
[BlackElo "2212"]
[SourceDate "2018.11.02"]
[SourceTitle "FNA"]

1.d4 Nf6 2.c4 e6 3.Nc3 Bb4 4.Qc2 b6 5.e4 c5 6.d5 exd5 7.exd5 Qe7 8.Nge2 O-O
9.Bg5 Ba6 10.O-O-O Bxc4 11.Ng3 Bxf1 12.Nf5 Qd8 13.Ne4 Ba6 14.Nxf6 gxf6 15.Bh6
Nc6 16.dxc6 Qe8 17.Qb3 Qe5 18.Rd5 c4 19.Qf3 1-0

[Event "Cto. Equipos de Navarra DH 2018"]
[Site "?"]
[Date "2018.10.20"]
[Round "2.2"]
[White "Vila Dupla, Aurelio"]
[Black "Bayo Milagro, Alvaro"]
[Result "0-1"]
[EventDate "2018.??.??"]
[EventCountry "ESP"]
[EventType "team"]
[EventRounds "7"]
[WhiteElo "2173"]
[BlackElo "2317"]
[SourceDate "2018.11.02"]
[SourceTitle "FNA"]

1.Nf3 d5 2.d4 c6 3.c4 e6 4.Qb3 Nf6 5.Bg5 dxc4 6.Qxc4 b5 7.Qc2 Bb7 8.Nbd2 Nbd7
9.e4 Qb6 10.Bd3 c5 11.dxc5 Bxc5 12.O-O h6 13.Bxf6 Nxf6 14.Nb3 Be7 15.Rfc1 O-O
16.Qc7 Bd8 17.Qe5 a6 18.Nc5 Bc7 19.Qc3 Bf4 20.Rc2 Rfc8 21.e5 Ne4 22.Nd7 Qa7
23.Qd4 Qxd4 24.Nxd4 Rxc2 25.Bxc2 Rd8 26.Ne2 Rxd7 27.Nxf4 Nxf2 28.Rf1 Ng4 29.Bb3
Rd2 30.h3 Nxe5 31.Rd1 Rxb2 32.Rd8 Kh7 33.Rb8 Be4 34.g4 g5 35.Nh5 Nf3 36.Kf1 Bd3
0-1

[Event "Cto. Equipos de Navarra DH 2018"]
[Site "?"]
[Date "2018.10.20"]
[Round "2.3"]
[White "Jimenez Almeida, Luis David"]
[Black "Munoz Arana, Miguel"]
[Result "1-0"]
[EventDate "2018.??.??"]
[EventCountry "ESP"]
[EventType "team"]
[EventRounds "7"]
[WhiteElo "2277"]
[BlackElo "2041"]
[SourceDate "2018.11.02"]
[SourceTitle "FNA"]

1.d4 d5 2.Nf3 Nf6 3.c4 c6 4.e3 Bf5 5.Nc3 e6 6.Nh4 Bg6 7.Be2 Nbd7 8.O-O Be7
9.Nxg6 hxg6 10.b3 O-O 11.Bb2 Rc8 12.Rc1 Re8 13.Qc2 Qa5 14.a3 dxc4 15.Bxc4 Bd6
16.h3 Nd5 17.b4 Qd8 18.Ne2 a5 19.bxa5 Qxa5 20.Qb3 Qb6 21.Qc2 Ra8 22.Rb1 Qc7
23.Qd3 Ra7 24.Rfc1 N7b6 25.Ba2 Qe7 26.e4 Nc7 27.d5 Bxa3 28.dxc6 Bxb2 29.Rxb2
bxc6 30.Rxc6 Rd8 31.Qe3 Nc8 32.Rbc2 Rb7 33.Qg3 Nd6 34.Qe3 Ndb5 35.Rc1 Ne8 36.Nf4
Nd4 37.R6c4 Rbd7 38.Rc5 Qf6 39.g3 e5 40.Nd5 Qf3 41.Qxf3 Nxf3 42.Kg2 Nd4 43.Ne3
Ne2 44.R1c2 Nd4 45.Rb2 Re7 46.Rb6 Nf6 47.Nc4 Nxe4 48.Rxe5 Rde8 49.Rxe7 Rxe7
50.Ne3 Nc3 51.Bc4 Rc7 52.Rb8 Kh7 53.Rf8 f5 54.h4 Ne4 55.Bg8 Kh6 56.Bd5 g5
57.Nxf5 Nxf5 58.Bxe4 g6 59.Bxf5 gxf5 60.Rf6 1-0

[Event "Cto. Equipos de Navarra DH 2018"]
[Site "?"]
[Date "2018.10.20"]
[Round "2.4"]
[White "Labiano Hernandez, Juan"]
[Black "Martinez Martin, Inigo"]
[Result "1/2-1/2"]
[EventDate "2018.??.??"]
[EventCountry "ESP"]
[EventType "team"]
[EventRounds "7"]
[WhiteElo "2041"]
[BlackElo "2150"]
[SourceDate "2018.11.02"]
[SourceTitle "FNA"]

1.e4 e6 2.d4 d5 3.Nd2 Nf6 4.Bd3 c5 5.c3 cxd4 6.cxd4 dxe4 7.Nxe4 Nc6 8.Nf3 Bb4
9.Bd2 Qa5 10.O-O Bxd2 11.Nfxd2 Nxe4 12.Bxe4 O-O 13.Nb3 Qb6 14.Rc1 Bd7 15.Rc3
Rad8 16.Re1 Be8 17.Rd3 Rd6 18.Qd2 f5 19.Bf3 Nb4 20.Rde3 Nxa2 21.Qa5 f4 22.Rxe6
Bf7 23.Qxb6 Rxb6 24.Rxb6 axb6 25.Nd2 Rd8 26.Re4 g5 27.Re5 Rxd4 28.Rxg5 Kf8
29.Ne4 Bg6 30.Rg4 Rb4 31.Rxf4 Kg7 32.Ng5 Rxf4 33.Ne6 Kf6 34.Nxf4 Be8 35.Nd5 Ke5
36.Nxb6 Bc6 37.Bxc6 bxc6 38.Kf1 Nc1 39.g3 Kd4 40.f4 Nd3 41.Na4 Ke3 42.f5 Ke4
43.g4 Kf4 44.h3 Kg3 45.g5 Ne5 46.Nc5 Kf4 47.g6 hxg6 48.fxg6 Nxg6 49.Kf2 Ne5
50.b3 Ng6 51.Nd3 Ke4 52.Ke2 Kd4 53.Kd2 c5 54.Ke2 c4 55.bxc4 Kxc4 56.Ke3 Kd5
57.Nf2 Ke5 58.Kf3 Kf5 59.Nd1 Kg5 60.Kg3 Nf4 61.h4 Kh5 62.Nc3 Ng6 1/2-1/2

[Event "Cto. Equipos de Navarra DH 2018"]
[Site "?"]
[Date "2018.10.20"]
[Round "2.5"]
[White "Sanchez Carayol, Jesus Carlos"]
[Black "Vinal Gutierrez, Pedro"]
[Result "0-1"]
[EventDate "2018.??.??"]
[EventCountry "ESP"]
[EventType "team"]
[EventRounds "7"]
[WhiteElo "2124"]
[BlackElo "2034"]
[SourceDate "2018.11.02"]
[SourceTitle "FNA"]

1.e4 e6 2.Nf3 d5 3.e5 c5 4.b4 d4 5.bxc5 Bxc5 6.Bd3 Ne7 7.O-O Nbc6 8.Qe2 Ng6 9.g3
O-O 10.c3 f5 11.Bc4 Na5 12.Bd3 b6 13.Bb2 Bb7 14.cxd4 Bxf3 15.Qe3 Bb7 16.dxc5 f4
17.Qd4 Qg5 18.Re1 Rad8 19.Qc3 fxg3 20.hxg3 Rf3 21.Re3 Rxe3 22.dxe3 Qh5 23.e4
Bxe4 24.Bxe4 Rd1 0-1

[Event "Cto. Equipos de Navarra DH 2018"]
[Site "?"]
[Date "2018.10.20"]
[Round "2.6"]
[White "Jedrocha, Katarzyna"]
[Black "Lopez Orois, Jose Manuel"]
[Result "1-0"]
[EventDate "2018.??.??"]
[EventCountry "ESP"]
[EventType "team"]
[EventRounds "7"]
[WhiteElo "1922"]
[BlackElo "2054"]
[SourceDate "2018.11.02"]
[SourceTitle "FNA"]

1.d4 Nf6 2.g3 e6 3.Bg2 d5 4.Nf3 c5 5.O-O cxd4 6.Nxd4 e5 7.Nf3 Nc6 8.c4 d4 9.a3
a5 10.e3 Be7 11.exd4 exd4 12.Nbd2 a4 13.b4 O-O 14.Bb2 Be6 15.Rc1 d3 16.Ne5 Nxe5
17.Bxe5 Qd7 18.Qf3 Ra7 19.Qe3 Raa8 20.Qb6 Ng4 21.Bf4 g5 22.Be3 Rfb8 23.Qd4 Rd8
24.Qxd7 Rxd7 25.Rfd1 Nxe3 26.fxe3 Bf6 27.Ne4 Be7 28.Rd2 Bg4 29.Bf1 Rad8 30.Nf2
Bf5 31.e4 Bg6 32.Rxd3 Rxd3 33.Bxd3 Bf6 34.Rd1 Bd4 35.Kf1 Bxf2 36.Kxf2 Bxe4
37.Be2 Rxd1 38.Bxd1 Bd3 39.c5 Bb5 40.Bf3 Ba6 41.c6 bxc6 42.Bxc6 Kf8 43.b5 Bc8
44.b6 1-0

[Event "Cto. Equipos de Navarra DH 2018"]
[Site "?"]
[Date "2018.10.20"]
[Round "2.7"]
[White "Zamarbide Inarrea, Borja"]
[Black "Garjon Modrego, Miguel"]
[Result "1/2-1/2"]
[EventDate "2018.??.??"]
[EventCountry "ESP"]
[EventType "team"]
[EventRounds "7"]
[WhiteElo "2035"]
[BlackElo "1887"]
[SourceDate "2018.11.02"]
[SourceTitle "FNA"]

1.e4 d5 2.exd5 Qxd5 3.Nc3 Qd8 4.Bc4 Nf6 5.h3 e6 6.d3 Bd7 7.Qe2 Be7 8.Nf3 Nc6
9.a3 a6 10.g4 b5 11.Bb3 b4 12.axb4 Nxb4 13.g5 Nfd5 14.Ne4 a5 15.Ne5 a4 16.Bc4
Nb6 17.c3 Nxc4 18.dxc4 Nc6 19.Nxd7 Qxd7 20.Be3 e5 21.Nc5 Qf5 22.Qg4 Qxg4 23.hxg4
Bxc5 24.Bxc5 Kd7 25.O-O-O Kc8 26.Rd5 f6 27.gxf6 gxf6 28.Rh6 Rg8 29.Rxf6 Na5
30.Bb4 Nb3 31.Kd1 Rxg4 32.Rxe5 Rxc4 33.Re8 Kb7 34.Rxa8 Kxa8 35.Rh6 Rf4 36.Ke2
Rf7 37.Ra6 Kb7 38.Rxa4 c5 39.Ra3 Nc1 40.Kd2 cxb4 41.cxb4 Rxf2 42.Kxc1 Kb6 43.Rh3
Kb5 44.Rh4 Ka4 45.Kb1 Kb5 46.Rh3 Kxb4 47.Rh4 Kb3 48.Rh3 Kc4 49.Ka2 Rf4 50.Rh5
Kb4 51.Rh3 Rg4 52.Rb3 Ka4 53.Rh3 Kb4 54.Rf3 Rh4 55.Rf8 Rh2 56.Rf4 Kb5 57.Ka3 Rh5
58.Rf8 Rc5 59.Rh8 Rh5 60.Rb8 Ka6 61.Rd8 {Ilegible} 1/2-1/2

[Event "Cto. Equipos de Navarra DH 2018"]
[Site "?"]
[Date "2018.10.20"]
[Round "2.8"]
[White "De Pablos Fernandez, Mariano"]
[Black "Aldave Aguado, Adrian"]
[Result "1-0"]
[EventDate "2018.??.??"]
[EventCountry "ESP"]
[EventType "team"]
[EventRounds "7"]
[WhiteElo "1923"]
[BlackElo "1929"]
[SourceDate "2018.11.02"]
[SourceTitle "FNA"]

1.d4 e6 2.Nf3 Nf6 3.Bg5 d5 4.e3 c5 5.c3 Nc6 6.Ne5 Qb6 7.Qb3 Nxe5 8.Qxb6 axb6
9.dxe5 Ne4 10.Bf4 g5 11.Bg3 Bg7 12.f4 h5 13.Nd2 h4 14.Nxe4 dxe4 15.Bb5 Bd7
16.Bxd7 Kxd7 17.Bf2 g4 18.O-O-O Kc7 19.a3 h3 20.gxh3 Rxh3 21.Bg3 Bf8 22.Rhf1 Rd8
23.Rxd8 Kxd8 24.f5 Bh6 25.Kd2 Bg5 26.fxe6 fxe6 27.Rf8 Kd7 28.Rg8 Bh4 29.Rxg4
Bxg3 30.hxg3 Rh2 31.Kc1 Kc6 32.c4 b5 33.cxb5 Kxb5 34.Rxe4 Rg2 35.Rg4 Kc6 36.e4
c4 37.Rg6 Kd7 38.Rg5 b5 39.Rg7 Kd8 40.Rb7 Rxg3 41.Rxb5 Re3 42.a4 Rxe4 43.a5 Kc7
44.Kc2 Re3 45.a6 1-0

[Event "Cto. Equipos de Navarra DH 2018"]
[Site "?"]
[Date "2018.10.27"]
[Round "3.1"]
[White "Esparza Martinez, Javier Ignacio"]
[Black "Huerga Leache, Mikel"]
[Result "0-1"]
[EventDate "2018.??.??"]
[EventCountry "ESP"]
[EventType "team"]
[EventRounds "7"]
[WhiteElo "1976"]
[BlackElo "2446"]
[SourceDate "2018.11.02"]
[SourceTitle "FNA"]

1.d4 Nf6 2.Nf3 c5 3.d5 e6 4.c4 b5 5.Nc3 b4 6.Nb1 exd5 7.cxd5 Bb7 8.g3 Bxd5 9.Bg2
Be7 10.O-O O-O 11.Nbd2 Bb7 12.Nc4 d5 13.Ne3 g6 14.Ne5 Qc7 15.N3g4 Nxg4 16.Nxg4
Qd7 17.h3 h5 18.Ne5 Qe6 19.Nd3 Rd8 20.Qc2 Qf5 21.Bd2 Nd7 22.Rac1 a5 23.Nf4 Qxc2
24.Rxc2 Nf6 25.b3 Rac8 26.Rfc1 Ba6 27.Bf3 c4 28.Be3 d4 29.Bd2 c3 30.Be1 Bd6
31.Nd3 Bxd3 32.exd3 Nd7 33.Bb7 Rc7 34.Ba6 h4 35.gxh4 Bf4 36.Rd1 Ne5 37.Kg2 Rd6
38.Bc4 Nxc4 39.bxc4 a4 0-1

[Event "Cto. Equipos de Navarra DH 2018"]
[Site "?"]
[Date "2018.10.27"]
[Round "3.2"]
[White "Abalia Patino, Aritz"]
[Black "Cemborain Oricain, Alfonso"]
[Result "1-0"]
[EventDate "2018.??.??"]
[EventCountry "ESP"]
[EventType "team"]
[EventRounds "7"]
[WhiteElo "2155"]
[BlackElo "1894"]
[SourceDate "2018.11.02"]
[SourceTitle "FNA"]

1.Nf3 d5 2.c4 d4 3.b4 Bg4 4.Qb3 e6 5.Bb2 Bxf3 6.Qxf3 c6 7.e3 Bxb4 8.Qg3 Be7
9.Bxd4 Bf6 10.Bxf6 Nxf6 11.Qxg7 Rg8 12.Qh6 Na6 13.Nc3 Qe7 14.g3 Nb4 15.Rc1 O-O-O
16.Be2 Nd3 17.Bxd3 Rxd3 18.O-O Rxd2 19.e4 Rb2 20.e5 Ng4 21.Qf4 Rg5 22.Ne4 Nxe5
23.Nxg5 Qxg5 24.Qxg5 Nf3 25.Kg2 Nxg5 26.Rce1 h6 27.h4 Nh7 28.a3 Nf6 29.Kf3 Nd7
30.Kf4 Nc5 31.Kg4 Nd3 32.Rb1 Rc2 33.Kh5 Rxc4 34.Kxh6 Ra4 35.Kg7 Ne5 36.h5 Kd7
37.f4 1-0

[Event "Cto. Equipos de Navarra DH 2018"]
[Site "?"]
[Date "2018.10.27"]
[Round "3.3"]
[White "Ruiz Escobar, Rafael"]
[Black "Morante Rafael, Aritz"]
[Result "0-1"]
[EventDate "2018.??.??"]
[EventCountry "ESP"]
[EventType "team"]
[EventRounds "7"]
[WhiteElo "1891"]
[BlackElo "2112"]
[SourceDate "2018.11.02"]
[SourceTitle "FNA"]

1.d4 Nf6 2.Nf3 c5 3.d5 e6 4.c4 b5 5.e3 Bb7 6.dxe6 fxe6 7.Be2 Be7 8.O-O O-O 9.b3
Ne4 10.Bb2 Bf6 11.Qc1 bxc4 12.bxc4 Na6 13.Nbd2 Rb8 14.Rb1 Nb4 15.a3 Na2 16.Qc2
Nac3 17.Bxc3 Nxc3 18.Rbe1 Nxe2 19.Rxe2 Qa5 20.Qd3 d5 21.e4 g6 22.exd5 exd5
23.Ne5 Qc7 24.f4 Bg7 25.cxd5 Rbd8 26.Rb1 Bxd5 27.Qc2 Rxf4 28.Ndf3 Rf5 29.Rbe1
Rdf8 30.Re3 c4 31.Qd1 Qb7 {Ilegible} 0-1

[Event "Cto. Equipos de Navarra DH 2018"]
[Site "?"]
[Date "2018.10.27"]
[Round "3.4"]
[White "Ramos Dominguez, Joaquin"]
[Black "Apesteguia Domaica, Jose Antonio"]
[Result "1-0"]
[EventDate "2018.??.??"]
[EventCountry "ESP"]
[EventType "team"]
[EventRounds "7"]
[WhiteElo "2091"]
[BlackElo "1862"]
[SourceDate "2018.11.02"]
[SourceTitle "FNA"]

1.e4 e5 2.f4 exf4 3.Bc4 d6 4.d4 Nf6 5.Nc3 Be7 6.Bxf4 Nc6 7.Nf3 a6 8.O-O b5 9.Bd3
Bg4 10.Be3 O-O 11.a4 b4 12.Ne2 d5 13.exd5 Nxd5 14.Bd2 Bf6 15.c3 Re8 16.h3 Bxf3
17.Rxf3 Bg5 18.Qc2 Be3 19.Bxe3 Rxe3 20.Bxh7 Kh8 21.Be4 Rxf3 22.Bxf3 Qg5 23.Qe4
Rd8 24.h4 Qd2 25.c4 Qxb2 26.Rb1 Qa2 27.cxd5 Na5 28.Rxb4 Qa3 29.Qe7 Rg8 30.Qxf7
Rc8 31.Qh5 Kg8 32.Bg4 1-0

[Event "Cto. Equipos de Navarra DH 2018"]
[Site "?"]
[Date "2018.10.27"]
[Round "3.6"]
[White "Malon Insausti, Andres"]
[Black "Velaz Ballesteros, Inigo"]
[Result "1-0"]
[EventDate "2018.??.??"]
[EventCountry "ESP"]
[EventType "team"]
[EventRounds "7"]
[WhiteElo "1896"]
[BlackElo "1170"]
[SourceDate "2018.11.02"]
[SourceTitle "FNA"]

1.Nf3 d6 2.c4 g6 3.g3 Bg7 4.Bg2 c6 5.Nc3 Nd7 6.d4 Nb6 7.b3 d5 8.c5 Nd7 9.O-O e5
10.dxe5 Nxe5 11.Bb2 Nxf3 12.Bxf3 Ne7 13.Qd2 O-O 14.e3 Be6 15.Ne2 Nf5 16.Bxg7
Nxg7 17.Qb2 Qg5 18.Bg2 Nh5 19.b4 Nf6 20.Nd4 Qh6 21.Nxc6 Kg7 22.Nd4 Bh3 23.Rac1
Kg8 24.Nf5 gxf5 25.Bxh3 Ng4 26.Bxg4 fxg4 27.Qe5 Qe6 28.Qxe6 fxe6 29.c6 Rf7 30.a4
Rc7 31.b5 Rb8 32.Rc3 Rd8 33.Rfc1 b6 34.Ra3 Kf7 35.a5 e5 36.axb6 axb6 37.Ra6 Rb8
38.Rca1 Ke6 39.Kf1 Kd6 40.Rc1 d4 41.Ke2 Kd5 42.exd4 Kxd4 43.Ra4 Kd5 1-0